000 00346nam a2200133 a 4500
005 20140414131908.0
008 101002s19uu xx 00 eng d
050 _aER
_bEl1 199?
100 _aBase, Graeme
245 _aThe eleventh hour :
_ba curious mystery.
260 _aNew York :
_bHarry N. Abrams,
_c199?.
440 _a
999 _c111038
_d111038